000 00496nam a2200181Ia 4500
999 _c1808
_d1808
003 OSt
005 20200925115722.0
008 190216s9999||||xx |||||||||||||| ||und||
040 _coclc
082 _a574.5
_bKUM/M
100 _aKumar, H D
_94929
245 0 _aModern Concepts Of Ecology /
_cH D Kumar
250 _a8th Ed.
260 _bVikas Publishing House,
_c2010.
_aNew Delhi:
300 _a478p
650 _aBotany
942 _cBK
_2ddc
_h574.5
_iKUM/M
_k574.5
_mKUM/M